Owners Manual (Record no. 319758)

MARC details
000 -LEADER
fixed length control field 00452nam a2200145Ia 4500
008 - FIXED-LENGTH DATA ELEMENTS--GENERAL INFORMATION
fixed length control field 230718s9999 xx 000 0 und d
041 ## - LANGUAGE CODE
Language code of text/sound track or separate title eng
082 ## - DEWEY DECIMAL CLASSIFICATION NUMBER
Classification number 362.104
Item number ROI
100 ## - MAIN ENTRY--PERSONAL NAME
Personal name Roizen M.F.
9 (RLIN) 157045
245 ## - TITLE STATEMENT
Title Owners Manual
Remainder of title An Insiders Guide To The Body To That Will Make You Healthier And Younger
260 ## - PUBLICATION, DISTRIBUTION, ETC. (IMPRINT)
Name of publisher, distributor, etc. Harper And Rao
365 ## - TRADE PRICE
Currency code Rs.
Price amount 848.00
700 ## - ADDED ENTRY--PERSONAL NAME
Personal name Roizen M.F. & Oz M.C.
9 (RLIN) 190231
906 ## - LOCAL DATA ELEMENT F, LDF (RLIN)
d B:556119-Aug-2008
c MGMT
b 169.6
Holdings
Withdrawn status Lost status Damaged status Not for loan Home library Current library Date acquired Vendor Budget Code Cost, normal purchase price Bill number Total Checkouts Full call number Barcode Date last seen Discount Cost, replacement price Bill Date Koha item type Original Barcode
        Cummins College of Engineering for Women Pune Cummins College of Engineering for Women Pune 11/12/2008 Tbs MGMT 678.40 5561   362.104 CCEP-BK-30965 18/07/2023 169.6 848.00 19/08/2008 Books 030965